000
00246nam a22001217a 4500
082
_a
004
_b
SIS/V
100
_a
SISO BOOKS
245
_a
VIRTUAL LAB
260
_a
TRIVANDRUM
_b
SISO BOOKS
300
_b
PC-CD ROM
650
_a
IT
_z
KERALA
942
_c
VM
999
_c
7982
_d
7982